Islam and the political economy of meaning : (Record no. 23332)

MARC details
000 -LEADER
fixed length control field 00319nam a2200133 a 4500
020 ## - INTERNATIONAL STANDARD BOOK NUMBER
ISBN 0709942486 :
082 ## - DEWEY DECIMAL CLASSIFICATION NUMBER
Classification number 297.197
Author Cutter ROF
245 00 - TITLE STATEMENT
Title Islam and the political economy of meaning :
260 ## - PUBLICATION, DISTRIBUTION, ETC. (IMPRINT)
Place of publication London :
Name of publisher Croom Helm,
Year of publication c1987.
300 ## - PHYSICAL DESCRIPTION
Number of Pages 295 p. ;
650 #0 - SUBJECT ADDED ENTRY--TOPICAL TERM
Topical Term Islam
942 ## - ADDED ENTRY ELEMENTS (KOHA)
Koha item type Books
700 1# -
-- Roff, William R.
Holdings
Home library Current library Shelving location Date acquired Source of acquisition Full call number Accession Number Koha item type
Henry Martyn Institute Library Henry Martyn Institute Library General stacks 08/03/2023 Netherlands 297.197 ROF 11004713 Books
                   Copyright © 2026 | Henry Martyn Institute | Hyderabad | TS-500052 | INDIA | Implemented by hmi.edu.in
Hit-Count:

Powered by Koha